000 01107nam a22003257a 4500
003 CHAP
005 20220329135528.0
008 971013s1967 r 00010 d
010 _a38092
011 _a39064
035 _a43184
040 _cCHAP
090 _aTesis
100 0 0 _aQuiroga Garza, Julián.
_993498
245 _aNivel y distribución del ingreso familiar en el área rurall del estado de Nuevo León (1963)
260 _aMonterrey, N. L. :
_bEl autor,
_c1967
300 _a122 h.
502 _aTesis (Lic. en Economía) -- Universidad de Nuevo León. Facultad de Economía
590 _aALEPH
_b10
_c20130110
_lUCH01
_h1303
590 _aBATCH-UPD
_b10
_c20130109
_lUCH01
_h2327
590 _aBATCH-UPD
_b10
_c20130110
_lUCH01
_h2322
590 _aBATCH-UPD
_b10
_c20130409
_lUCH01
_h1851
590 _aBATCH-UPD
_b10
_c20130410
_lUCH01
_h1613
590 _aBATCH-UPD
_b10
_c20130914
_lUCH01
_h1053
590 _aCONVERSION
_b10
_c20130109
_lUCH01
_h1321
650 1 4 _aCostos y nivel de vida
_xNuevo León.
_928539
901 _aBK
942 _cTESIS
949 _bBC
_cTES
_d-99139
_eTS1
_i43184
_si
999 _c38092
_d38092